| 000 | 01398nam a2200349 c 4500 | ||
|---|---|---|---|
| 003 | BLK | ||
| 005 | 20240222170929.0 | ||
| 008 | 180411b bul|||||r ||||||| ||bul|| | ||
| 010 | _aKNG00205143000 | ||
| 020 |
_a978-619-165-065-1 _bиздат.: Ергон |
||
| 040 | _aBLK | ||
| 041 |
_aBUL _cBUL |
||
| 072 | 7 |
_2bullib _aН83 _xЧужда художествена литература Н |
|
| 080 |
_aИспанска литература _b821.134.2 _x-31 _z821.134.2-31 |
||
| 100 | 1 |
_aМайорки, Сесар _eпърви автор _990927 |
|
| 700 | 1 |
_aКитипова, Мариана Георгиева _eпрев. от исп. _9367953 |
|
| 139 |
_aМайорки, Сесар _bМ 17 |
||
| 245 | 1 | 0 |
_aОстров Боуен _bРоман _cСесар Майорки; прев. от исп. Мариана Георгиева Китипова. |
| 257 | _aSPA | ||
| 260 |
_аСофия _bЕргон _c2017 _fСофия : Инвестпрес |
||
| 300 |
_a400 с. _c20 см |
||
| 380 | _aX | ||
| 500 | _aОриг. загл. La isla de Bowen / Cesar Mallorqui. - Съдържа и за авт. и прев. | ||
| 653 | _aромани | ||
| 659 | _aН | ||
| 852 | _aЦб 285184 | ||
| 856 | 4 |
_qpdf _u |
|
| 856 | 4 |
_qpdf _u |
|
| 942 |
_cKNG _n0 _06 |
||
| 944 |
_aCR _c18.04.2017 _lГалина Якимова _k30564 |
||
| 944 |
_aED _c09.05.2017 _lф / _kЛюдмила_Стоянова |
||
| 999 |
_c195888 _d195888 |
||